000
00277nam a2200109Ia 4500
005
20251222175939.0
008
251222s9999||||xx |||||||||||||| ||spa||
082
_a
658.8/C79
100
_a
Córdova, José Luis de
245
0
_a
Principios y Objetivos del Márketing
942
_c
LIB
999
_c
41306
_d
41306